Statistics for Sveriges största öar

Click here to take the quiz!

General Stats

  • This quiz has been taken 554 times
  • The average score is 4 of 10

Answer Stats

Landareal, hektarÖ-namn% Correct
296˙776Gotland
99%
134˙268Öland
99%
34˙374Orust
52%
14˙688Tjörn
51%
19˙725Hisingen
41%
17˙896Värmdö
31%
120˙696Södertörn
25%
10˙909Fårö
15%
12˙800Väddö och Björkö
12%
9˙488Gräsö
7%

Score Distribution

Percentile by Number Answered

Percent of People with Each Score

Your Score History

You have not taken this quiz